Mini-micro CDS/ISIS. Reference manual : Version 2.3 : Obs. P.1.:, s. 1-196. P.2.:, s. 197-286
Salvato in:
| Natura: | Libro |
|---|---|
| Lingua: | francese |
| Pubblicazione: |
Paris :
UNESCO,
1989
|
| Tags: |
Nessun Tag, puoi essere il primo ad aggiungerne!!
|
MARC
| LEADER | 00000nam a22000003a 4500 | ||
|---|---|---|---|
| 001 | stu3550 | ||
| 005 | 20200924130148.3 | ||
| 008 | 930422s1989----fr------------------fre-d | ||
| 040 | |a STU |b slo | ||
| 041 | 0 | |a fre | |
| 044 | |a fr | ||
| 080 | |a CDS/ISIS | ||
| 080 | |a 681.32.016 | ||
| 080 | |a 519.683.5 | ||
| 080 | |a 681.32.06 | ||
| 245 | |a Mini-micro CDS/ISIS. Reference manual : |b Version 2.3 : Obs. P.1.:, s. 1-196. P.2.:, s. 197-286 | ||
| 260 | |a Paris : |b UNESCO, |c 1989 | ||
| 300 | |a 2 p | ||
| 996 | |c I*10DS4055 |l I |s A |a 24 |w stu3550_0001 | ||
| 996 | |c I*10DS4056 |l I |s A |a 24 |w stu3550_0002 | ||